Normal view
MARC view
- Buildings
Entry Topical Term
001 - CONTROL NUMBER
- control field: 45367
003 - CONTROL NUMBER IDENTIFIER
- control field: NUST
005 - DATE AND TIME OF LATEST TRANSACTION
- control field: 20210314133227.0
008 - FIXED-LENGTH DATA ELEMENTS
- fixed length control field: 210314|| aca||aabn | a|a d
040 ## - CATALOGING SOURCE
- Original cataloging agency: NUST
- Transcribing agency: NUST
150 ## - HEADING--TOPICAL TERM
- Topical term or geographic name entry element: Buildings
- General subdivision: Specifications
670 ## - SOURCE DATA FOUND
- Source citation: Work cat.: (NUST): Scott, J. J. 45366, Specification writing :, 1984.
